Úspešnosť firmy ako jeden z predpokladov k lojalite zákazníkov diplomová práca

Gespeichert in:
Bibliographische Detailangaben
1. Verfasser: Partl, Tomáš
Körperschaft: Obchodná fakulta EU. Katedra marketingu
Weitere Verfasser: Lukačovičová, Zuzana
Format: Buch
Sprache:Slowakisch
Veröffentlicht: Bratislava 2010
Tags: Tag hinzufügen
Keine Tags, Fügen Sie das erste Tag hinzu!

MARC

LEADER 00000nam a2200000 4500
001 0122113
005 20240318123708.6
041 0 |a slo 
044 |a SK 
245 1 0 |a Úspešnosť firmy ako jeden z predpokladov k lojalite zákazníkov  |b diplomová práca  |c Tomáš Partl ; škol. Zuzana Lukačovičová 
264 1 |a Bratislava  |c 2010 
300 |a 74 s. 
100 1 |a Partl, Tomáš 
700 1 |a Lukačovičová, Zuzana 
710 2 |a Obchodná fakulta EU. Katedra marketingu